000 00623nam a2200193Ia 4500
005 20260114185653.0
008 008 260114s9999 xx 000 0 eng d
020 _a9780755621286
037 _aEBOOK
040 _aCRL
_beng
_cCRL
041 _aeng
_2eng
084 _qCRL
100 _aChristopher J. Walker
_9872946
245 0 _aReason and Religion in Late Seventeenth-Century England The Politics and Theology of Radical Dissent
260 _bBloomsbury
_c2012
856 _uhttps://doi.org/10.5040/9780755621286?locatt=label:secondary_bloomsburyCollections
942 _cEBOOK
999 _c1471894
_d1471894